Statystyki dla Quiz top 10 najpopularniejsze gry na świecie

Kliknij tutaj aby rozwiązać quiz!

Ogólne statystyki

  • Ten quiz został rozwiązany 75 razy
  • Średni wynik to 4 z 10

Statystyki odpowiedzi

Gra% Poprawnych
Minecraft
89%
Fortnite
82%
Roblox
65%
Counter Strike
49%
GTA V
34%
PUBG
20%
Apex Legends
14%
Dota 2
8%
Volorant
3%
Lague of Legends
0%

Rozkład punktacji

Percentyl według liczby udzielonych odpowiedzi

Procent ludzi z każdym wynikiem

Twoja historia wyników

Nie rozwiązałeś tego quizu